Central Library OPAC University of Rajshahi

Educational psychology in the classroom / (Record no. 49879)

MARC details
000 -LEADER
fixed length control field 00691nam a22002412a 4500
001 - CONTROL NUMBER
control field 49879
003 - CONTROL NUMBER IDENTIFIER
rucl marc code BD-RJUL
005 - DATE AND TIME OF LATEST TRANSACTION
control field 20211209054737.0
008 - FIXED-LENGTH DATA ELEMENTS--GENERAL INFORMATION
fixed length control field 160823s1967 nyua b 001 0 eng d
035 ## - SYSTEM CONTROL NUMBER
System control number BD-RJUL 49999
040 ## - CATALOGING SOURCE
Original cataloging agency DLC
Transcribing agency DLC
Modifying agency UKM
-- EQO
Language of cataloging eng
041 ## - LANGUAGE CODE
Language code of text/sound track or separate title eng
082 ## - DEWEY DECIMAL CLASSIFICATION NUMBER
Classification number 370.15
Author mark and year LIE 1967
100 1# - MAIN ENTRY--PERSONAL NAME
Personal name Lindgren, Henry Clay,
Dates associated with a name 1914-
9 (RLIN) 149489
245 10 - TITLE STATEMENT
Title Educational psychology in the classroom /
Statement of responsibility, etc. Henry Clay Lindgren
250 ## - EDITION STATEMENT
Edition statement 3d ed.
260 ## - PUBLICATION, DISTRIBUTION, ETC. (IMPRINT)
Place of publication, distribution, etc. New York :
Name of publisher, distributor, etc. Wiley,
Date of publication, distribution, etc. 1967
300 ## - PHYSICAL DESCRIPTION
Pagination xx, 686 p. :
Illustrations ill. ;
Size 25 cm
504 ## - BIBLIOGRAPHY, ETC. NOTE
Bibliography, etc Bibliography: p. 647-677
650 #0 - SUBJECT ADDED ENTRY--TOPICAL TERM
Topical term or geographic name as entry element Educational psychology
9 (RLIN) 149490
942 ## - ADDED ENTRY ELEMENTS (KOHA)
Source of classification or shelving scheme Dewey Decimal Classification
Koha item type Books
Holdings
Lost status Source of classification or shelving scheme Damaged status Not for loan Collection code Permanent Location Current Location Shelving location Date acquired Source of acquisition Cost, normal purchase price Total Checkouts Full call number Date last seen Date checked out Copy number Koha item type
  Dewey Decimal Classification     Non-fiction Central Library, University of Rajshahi Central Library, University of Rajshahi   05/08/1971 Zeetlinger 89.00 1 370.15 LIE 1967 19/02/2024 01/02/2024 C-2 Books